Метод проектного обучения; Лингвистические и культурологические аспекты современного инженерного образования

Bibliografiske detaljer
Parent link:Лингвистические и культурологические аспекты современного инженерного образования.— 2021.— [С. 13-16]
Hovedforfatter: Бибиков В. Д.
Institution som forfatter: Национальный исследовательский Томский политехнический университет Школа базовой инженерной подготовки Отделение иностранных языков
Andre forfattere: Соколова Э. Я. Эльвира Яковлевна (научный руководитель)
Summary:Заглавие с экрана
В статье рассматриваются метод проектного обучения как средства организации образовательной среды с анализом его обучающего потенциала. Автор приводит в качестве примера реальные проекты, реализованные студентами на занятиях английского языка, и делается вывод о целесообразности их применения для совершенствования ключевых компетенций.
Sprog:russisk
Udgivet: 2021
Fag:
Online adgang:http://earchive.tpu.ru/handle/11683/69267
Format: MixedMaterials Electronisk Book Chapter
KOHA link:https://koha.lib.tpu.ru/cgi-bin/koha/opac-detail.pl?biblionumber=633998

MARC

LEADER 00000naa2a2200000 4500
001 633998
005 20231101133805.0
035 |a (RuTPU)RU\TPU\conf\35748 
035 |a RU\TPU\conf\35747 
090 |a 633998 
100 |a 20211220d2021 k y0rusy50 ca 
101 0 |a rus 
102 |a RU 
105 |a y z 101zy 
135 |a drgn ---uucaa 
181 0 |a i  
182 0 |a b 
200 1 |a Метод проектного обучения  |f В. Д. Бибиков  |g науч. рук. Э. Я. Соколова 
203 |a Текст  |c электронный 
230 |a 1 компьютерный файл (pdf; 479 Kb) 
300 |a Заглавие с экрана 
320 |a [Библиогр.: с. 16 (3 назв.)] 
330 |a В статье рассматриваются метод проектного обучения как средства организации образовательной среды с анализом его обучающего потенциала. Автор приводит в качестве примера реальные проекты, реализованные студентами на занятиях английского языка, и делается вывод о целесообразности их применения для совершенствования ключевых компетенций. 
463 0 |0 (RuTPU)RU\TPU\conf\35745  |t Лингвистические и культурологические аспекты современного инженерного образования  |o сборник материалов II Международной научно-практической конференции, Томск, 10-12 ноября 2021 г.  |f Национальный исследовательский Томский политехнический университет (ТПУ); гл. ред. Ю. В. Кобенко  |v [С. 13-16]  |d 2021 
610 1 |a электронный ресурс 
610 1 |a труды учёных ТПУ 
610 1 |a проектное обучение 
610 1 |a образовательная среда 
610 1 |a ключевые компетенции 
610 1 |a самореализация 
610 1 |a самоорганизация 
610 1 |a английский язык 
700 1 |a Бибиков  |b В. Д. 
702 1 |a Соколова  |b Э. Я.  |c лингвист  |c старший преподаватель Томского политехнического университета  |f 1960-  |g Эльвира Яковлевна  |2 stltpush  |4 727 
712 0 2 |a Национальный исследовательский Томский политехнический университет  |b Школа базовой инженерной подготовки  |b Отделение иностранных языков  |h 8029  |2 stltpush  |3 (RuTPU)RU\TPU\col\23510 
801 2 |a RU  |b 63413507  |c 20220125  |g RCR 
856 4 |u http://earchive.tpu.ru/handle/11683/69267 
942 |c BK